000
00444nam a2200145Ia 4500
008
100204s9999 xx 000 0 und d
082
_b
25638
100
_a
कलंदर
245
_a
आणखी कानोकानी
260
_b
"रोहन प्रकाशन , पुणे"
_c
2003
300
_a
168
630
_a
आणखी कानोकानी
730
_a
आणखी कानोकानी
942
_c
BOOK
999
_c
470819
_d
470816